Od myšlienky ku skutočnosti priemyselného dizajnu

Dizajn ako neodmysliteľná súčasť firemnej stratégie. Význam priemyselného dizajnu. Konvenčné metódy prototypovania.

Na minha lista:
Detalhes bibliográficos
Autor principal: Daneshjo, Naqibullah, 1964-
Formato: Capítulo de Livro
Idioma:eslovaco
Assuntos:
Tags: Adicionar Tag
Sem tags, seja o primeiro a adicionar uma tag!

MARC

LEADER 00000naa a2200000 4500
001 0270654
005 20240502074238.0
041 0 |a slo 
044 |a SK 
245 1 0 |a Od myšlienky ku skutočnosti priemyselného dizajnu  |c Naqibullah Daneshjo 
520 |a Dizajn ako neodmysliteľná súčasť firemnej stratégie. Význam priemyselného dizajnu. Konvenčné metódy prototypovania. 
610 2 0 |a dizajn priemyselný 
610 2 0 |a modelovanie 
610 2 0 |a stroje 
610 2 0 |a stroje obrábacie 
610 2 0 |a konštrukcia 
610 2 0 |a dizajnéri 
100 1 |a Daneshjo, Naqibullah, 1964-